Discurso de la novela española contemporánea / (Record no. 181402)

MARC details
000 -LEADER
campo de control de longitud fija 00980nam a2200253 i 4500
001 - NÚMERO DE CONTROL
campo de control 181402
003 - IDENTIFICADOR DE NÚMERO DE CONTROL
campo de control ES-MaACL
005 - FECHA Y HORA DE LA ÚLTIMA TRANSACCIÓN
campo de control 20250731070137.0
008 - DATOS DE LONGITUD FIJA--INFORMACIÓN GENERAL
campo de control de longitud fija 130114r20041945sp | |||| ||spa d
020 ## - NÚMERO INTERNACIONAL ESTÁNDAR DEL LIBRO
Número Internacional Estándar del Libro 84-95418-45-2
080 ## - NÚMERO DE LA CLASIFICACIÓN DECIMAL UNIVERSAL
Número de la Clasificación Decimal Universal 821.134.2-3.09"19"
100 1# - ENTRADA PRINCIPAL--NOMBRE DE PERSONA
Nombre de persona Aub, Max,
Fechas asociadas al nombre 1903-1972
9 (RLIN) 23783
245 10 - MENCIÓN DEL TÍTULO
Título Discurso de la novela española contemporánea /
Mención de responsabilidad, etc. [Max Aub ; edición, introducción y notas de Francisco Caudet].
260 ## - PUBLICACIÓN, DISTRIBUCIÓN, ETC.
Lugar de publicación, distribución, etc. [Segorbe] :
Nombre del editor, distribuidor, etc. Fundación Max Aub,
Fecha de publicación, distribución, etc. 2004.
300 ## - DESCRIPCIÓN FÍSICA
Extensión 191 p. :
Otras características físicas il. ;
Dimensiones 18 cm.
490 1# - MENCIÓN DE SERIE
Mención de serie Biblioteca "Max Aub" ;
Designación de volumen o secuencia 14
534 ## - NOTA SOBRE LA VERSIÓN ORIGINAL
Frase introductoria Reprod. de la ed. de:
Publicación, distribución, etc. del original México : El Colegio de México, 1945 (
Mención de serie del original Jornadas ; 50)
650 04 - PUNTO DE ACCESO ADICIONAL DE MATERIA--TÉRMINO DE MATERIA
Término de materia o nombre geográfico como elemento de entrada Novela española-
Subdivisión cronológica S.XX-
Subdivisión general Historia y crítica
9 (RLIN) 15617
700 1# - ENTRADA AGREGADA--NOMBRE PERSONAL
Nombre de persona Caudet, Francisco,
Fechas asociadas al nombre 1942-2021
9 (RLIN) 37104
830 0# - PUNTO DE ACCESO ADICIONAL DE SERIE-TÍTULO UNIFORME
Título uniforme Biblioteca "Max Aub" ;
Designación de volumen o secuencia 14
9 (RLIN) 191028
852 ## - LOCALIZACIÓN
Ubicación ES-MaACL
Número de control de estantería A-12416
itemnumber 188302
Sublocalización o colección R.148337
Ubicación en estantería Depósito 1
Signatura antigua Olim: N-5421
942 ## - ELEMENTOS DE ENTRADA SECUNDARIOS (KOHA)
Fuente del sistema de clasificación o colocación Clasificación decimal universal
Tipo de ítem Koha Libro impreso
Holdings
Estatus retirado Estado de pérdida Fuente del sistema de clasificación o colocación Estado de daño No para préstamo Biblioteca de origen Biblioteca actual Ubicación en estantería Fecha de adquisición Fuente de adquisición Total de préstamos Signatura topográfica completa Código de barras Visto por última vez Precio de reemplazo Tipo de ítem Koha
    Clasificación decimal universal     Biblioteca del Ateneo de Madrid Biblioteca del Ateneo de Madrid Depósito 1 14/01/2013 Compra   A-12416 1190643 23/02/2023 23/02/2023 Libro impreso